| 000 | 00854nam a22002537a 4500 | ||
|---|---|---|---|
| 999 |
_c7229 _d7229 |
||
| 003 | AR-CdUCM | ||
| 008 | 190320b ||||| |||| 00| 0 spa d | ||
| 040 |
_aMUNICIPALIDAD PROVINCIAL DEL CUSCO _cBIBLIOTECA MUNICIPAL DEL CUSCO |
||
| 041 | _hru | ||
| 082 |
_a330 / _bL45 |
||
| 100 |
_aLenin, Vladimir Ilich _92193 |
||
| 245 | _aEl romanticismo económico / | ||
| 260 |
_aMéxico : _bGrijalbo, _c1970. |
||
| 300 |
_a151 páginas ; _c18 cm. |
||
| 440 |
_aColección 70. Segunda serie ; _n75 _920375 |
||
| 505 | _aContenido: Las teorías económicas del romanticismo -- Carácter de la crítica del capitalismo en los románticos. | ||
| 650 |
_aHistoria económica _913 |
||
| 650 |
_aCiencias sociales _91096 |
||
| 650 |
_aCapitalismo _93221 |
||
| 650 |
_aEconomía marxista _99822 |
||
| 650 |
_aComunismo _9495 |
||
| 942 |
_2ddc _cLIBROS |
||
| 945 | _adavv | ||